00836nam a2200265 a 450000100060000000300080000600500170001400800410003102000360007202000180010802000350012603500190016104000320018004100080021208200250022010000340024524500880027925000120036726000310037930000350041050400510044565000180049670000350051477600210054969875BD-RjUL20211209081933.0170415s1998 nyua b 001 0 eng  a0471597627 (cloth : alk. paper) a9780471597629 z9781615836352 (electronic bk.) a(BD-RjUL)70087 aDLCcDLCdMYGdBD-RjULbeng aeng00a551.49223bDOP 19981 aDomenico, P. A.q(Patrick A.)10aPhysical and chemical hydrogeology /cPatrick A. Domenico and Franklin W. Schwartz. a2nd ed. aNew York :bWiley,cc1998. axiii, 506 p. :bill. ;c29 cm. aIncludes bibliographical references and index. 0aHydrogeology.1 aSchwartz, F. W.q(Franklin W.)1 w(OCoLC)707923137